Normal view MARC view
  • United Kingdom

Entry Corporate Name

Number of records used in: 16

001 - CONTROL NUMBER

  • control field: 5270

003 - CONTROL NUMBER IDENTIFIER

  • control field: SIRSI

005 - DATE AND TIME OF LATEST TRANSACTION

  • control field: 20190806150241.0

008 - FIXED-LENGTH DATA ELEMENTS

  • fixed length control field: 070712n| acannaabn |n ana d

040 ## - CATALOGING SOURCE

  • Original cataloging agency: OSt
  • Transcribing agency: OSt

110 1# - HEADING--CORPORATE NAME

  • Corporate name or jurisdiction name as entry element: United Kingdom
  • Subordinate unit: Cabinet Office

670 ## - SOURCE DATA FOUND

  • Source citation: The governance of Britain, 2007